000 00589nam a2200181 i 4500
001 149987
003 ES-MaACL
005 20230906203333.0
007 t|
008 071025s1960 sp ||||1| spa d
100 1 _aValle Collantes, Francisco.
_9112785
245 1 0 _aConstrucción naval y mécanica del buque /
_ccon una selección de problemas por Francisco Valle Collantes.
250 _a2ª ed. y ampl.
260 _aLa Coruña :
_b[s.n.],
_c1960 (
_fGráf. Galaico)
300 _a672 p. ;
_c25 cm.
650 _aConstrucción naval.
_9136271
852 _aES-MaACL
_jE-158
_bR.48236
999 _c149987
_d149987